Doing business in Egypt 2014 : understanding regulations for small and medium - size enterprises.
| Format: | Book |
|---|---|
| Published: |
Washington D.C.:
The World Bank,
2013.
|
| Subjects: |
| LEADER | 00426cam a2200121 7i4500 | ||
|---|---|---|---|
| 001 | 0000031784 | ||
| 005 | 20141013090000.0 | ||
| 090 | 0 | 0 | |a EGPT 338.7 |b DOI |
| 245 | 0 | 0 | |a Doing business in Egypt 2014 : |b understanding regulations for small and medium - size enterprises. |
| 260 | 0 | 0 | |a Washington D.C.: |b The World Bank, |c 2013. |
| 300 | # | # | |a 122 p. |
| 650 | 0 | 0 | |a Doing business -- |z Egypt |
| 999 | |a 0000034610 |b Book |c Countries |e Business Information Centre | ||